| 000 | 00362nam a2200145Ia 4500 | ||
|---|---|---|---|
| 008 | 150201s2001 xx 000 0 und d | ||
| 082 |
_a617.525 _bA2001D |
||
| 100 | _aDYM,HARRY | ||
| 245 | _aATLAS OF MINOR ORAL SURGERY | ||
| 250 | _a1ST | ||
| 260 |
_bW.B. SAUNDERS COMPOANY _aPHILADELPHIA _c2001 |
||
| 300 | _a1-301 | ||
| 650 | _aORAL SURGERY | ||
| 942 |
_2ddc _cBK |
||
| 999 |
_c3439 _d3439 |
||